000
00291nam a2200085Ia 4500
245
0
_a
Weerskante van die lens : die stories agter die stories van Carte Blanche
100
_a
LANDMAN, Ruda Pretoria, 2003 1ste uitgawe
_9
95723
942
_c
BK
008
210817s9999 xx 000 0 und d
999
_c
399254
_d
399253